[Event "13sen.WMD 2003 Seniorinnen"]
[Site "Bad Zwischenahn(17.11.-27.11)"]
[Date "2003.11.21"]
[Round "5.10"]
[White "Brockmeyer, Helga"]
[Black "Karner, Irmgard"]
[Result "0-1"]
[WhiteElo "1168"]
[BlackElo "1640"]
[PlyCount "86"]
[EventDate "2003.11.??"]

1. d4 Nf6 2. c4 d6 3. Nf3 g6 4. Be3 c6 5. Nbd2 Bg7 6. g3 O-O 7. Bg2 Nbd7 8. Qc2
Ng4 9. O-O Nxe3 10. fxe3 Qb6 11. Rf2 Bh6 12. Qc3 c5 13. Raf1 Bg7 14. Qb3 Qxb3
15. Nxb3 Bh6 16. Ng5 Bxg5 17. Rf3 Rb8 18. h4 Bh6 19. g4 Bg7 20. g5 b6 21. R3f2
Bb7 22. Bh3 f5 23. h5 e6 24. h6 Bh8 25. Rf4 Rbe8 26. Rh4 Rf7 27. Rf2 Bc8 28.
Bg2 Nb8 29. Nc1 Bb7 30. Bh3 e5 31. Nb3 Bc8 32. Bg2 Be6 33. Nd2 cxd4 34. e4 f4
35. Bf3 Rc8 36. Bh5 gxh5 37. g6 hxg6 38. Rg2 Kh7 39. Nf3 Bf6 40. Rg5 Kxh6 41.
Rxg6+ Kxg6 42. b3 Bxh4 43. Nxh4+ Kh6 0-1

[Event "13sen.WMD 2003 Seniorinnen"]
[Site "Bad Zwischenahn(17.11.-27.11)"]
[Date "2003.11.21"]
[Round "5.11"]
[White "Korneeva, Tamara"]
[Black "Froeling, Philippa"]
[Result "1-0"]
[WhiteElo "1879"]
[BlackElo "1316"]
[PlyCount "68"]
[EventDate "2003.11.??"]

1. d4 d5 2. Nf3 Nd7 3. e3 g6 4. c4 c6 5. Nc3 e6 6. a3 Bg7 7. Bd3 Ne7 8. b4 O-O
9. Qb3 dxc4 10. Bxc4 Nb6 11. Be2 Ned5 12. Bb2 Nxc3 13. Bxc3 Nd5 14. Bb2 b5 15.
Rd1 a5 16. g4 a4 17. Qc2 Bb7 18. h4 h6 19. Bc1 f5 20. Ne5 Ne7 21. Rg1 Qc7 22.
f4 Qd6 23. Qa2 Rac8 24. Bd3 Kh7 25. e4 Qxd4 26. Rg3 Bxe5 27. fxe5 Qxe5 28. Re3
fxe4 29. Bxe4 Qf6 30. Qg2 Qxh4+ 31. Rg3 Qf6 32. Bb2 h5 33. Bxf6 Nd5 34. Rh3
Nxf6 1-0

[Event "13sen.WMD 2003 Seniorinnen"]
[Site "Bad Zwischenahn(17.11.-27.11)"]
[Date "2003.??.??"]
[Round "6.1"]
[White "Macek, Vlasta"]
[Black "Khmiadashvili, Tamari"]
[Result "1/2-1/2"]
[WhiteElo "2211"]
[BlackElo "2357"]
[PlyCount "77"]
[EventDate "2003.11.??"]

1. d4 d5 2. c4 e6 3. Nc3 Nf6 4. cxd5 exd5 5. Bg5 Be7 6. Qc2 O-O 7. e3 c6 8. Bd3
Nbd7 9. h3 Re8 10. Nf3 Nf8 11. O-O Ne4 12. Bf4 f5 13. Ne5 g5 14. Bh2 Ng6 15.
Bxe4 fxe4 16. Nxg6 hxg6 17. f3 Bf6 18. fxe4 dxe4 19. Qf2 Bg7 20. Qf7+ Kh7 21.
Be5 Re7 22. Bxg7 Rxf7 23. Rxf7 Qe8 24. Rc7 Bf5 25. Be5+ Kh6 26. g4 Qe6 27. Rf1
Rg8 28. Nxe4 Qxa2 29. gxf5 gxf5 30. Rxf5 Qb1+ 31. Rf1 Qxe4 32. Re1 Qf3 33. Rxb7
Qxh3 34. Re2 Qg4+ 35. Rg2 Qd1+ 36. Kh2 Qh5+ 37. Kg1 Qd1+ 38. Kh2 Qh5+ 39. Kg1
1/2-1/2

[Event "13sen.WMD 2003 Seniorinnen"]
[Site "Bad Zwischenahn(17.11.-27.11)"]
[Date "2003.11.24"]
[Round "6.2"]
[White "Gumilevskaja, Galina"]
[Black "Erenska-Barlo, Hanna"]
[Result "1/2-1/2"]
[WhiteElo "2083"]
[BlackElo "2247"]
[PlyCount "29"]
[EventDate "2003.11.??"]

1. Nf3 Nf6 2. c4 e6 3. Nc3 d5 4. e3 Be7 5. d4 O-O 6. Bd3 b6 7. cxd5 exd5 8. Ne5
Bb7 9. O-O c5 10. dxc5 bxc5 11. Ne2 Qc7 12. Nf3 Nc6 13. Bd2 Rfd8 14. Rc1 Ne4
15. a3 1/2-1/2

[Event "13sen.WMD 2003 Seniorinnen"]
[Site "Bad Zwischenahn(17.11.-27.11)"]
[Date "2003.11.24"]
[Round "6.3"]
[White "Litinskaya, Marta_I"]
[Black "Fatalibekova, Elena"]
[Result "1-0"]
[WhiteElo "2410"]
[BlackElo "2291"]
[PlyCount "74"]
[EventDate "2003.11.??"]

1. d4 d6 2. Nf3 Nf6 3. c4 g6 4. Nc3 Bg7 5. e4 O-O 6. Be2 c5 7. O-O Bg4 8. Be3
cxd4 9. Nxd4 Bxe2 10. Qxe2 Nc6 11. Rfd1 Nxd4 12. Bxd4 Nd7 13. Bxg7 Kxg7 14. Nd5
Rc8 15. b3 Re8 16. Rac1 a6 17. Rc3 e6 18. Ne3 Qf6 19. Rcd3 Nc5 20. Ng4 Qf4 21.
Rxd6 Qxe4 22. Qb2+ e5 23. Nf6 Qf4 24. Nxe8+ Rxe8 25. Re1 f6 26. b4 Ne6 27. Rd7+
Kh8 28. Qd2 Qxd2 29. Rxd2 Re7 30. Rd6 Kg7 31. c5 Kf7 32. c6 bxc6 33. Rxc6 Ra7
34. Rec1 Ke7 35. Kf1 Kf7 36. Rb6 f5 37. h4 Nd4 1-0

[Event "13sen.WMD 2003 Seniorinnen"]
[Site "Bad Zwischenahn(17.11.-27.11)"]
[Date "2003.11.24"]
[Round "6.4"]
[White "Saunina, Ludmilla"]
[Black "Abdikasova, Panno"]
[Result "0-1"]
[WhiteElo "2278"]
[BlackElo "2006"]
[PlyCount "80"]
[EventDate "2003.11.??"]

1. e4 g6 2. d4 d6 3. f4 Bg7 4. Nf3 h6 5. Be2 e6 6. Be3 Ne7 7. c4 b6 8. Nc3 a6
9. Qd2 Nd7 10. d5 Bb7 11. dxe6 fxe6 12. Nd4 Nf8 13. O-O c5 14. Nf3 Qc7 15. Qc2
Nd7 16. Rad1 Rd8 17. Nh4 O-O 18. f5 exf5 19. exf5 g5 20. Ng6 Nxg6 21. fxg6 Ne5
22. Nd5 Bxd5 23. Rxd5 Rxf1+ 24. Kxf1 Rf8+ 25. Kg1 Rf6 26. Qa4 Nxg6 27. Qxa6 Qe7
28. Rd3 Nf4 29. Bxf4 Qxe2 30. Qa8+ Kh7 31. Rf3 gxf4 32. b3 Qd1+ 33. Rf1 Qd4+
34. Kh1 Rg6 35. h3 Be5 36. Qb7+ Rg7 37. Qc6 Qd3 38. Re1 Qg3 39. Qe4+ Kh8 40.
Rd1 f3 0-1

[Event "13sen.WMD 2003 Seniorinnen"]
[Site "Bad Zwischenahn(17.11.-27.11)"]
[Date "2003.11.24"]
[Round "6.5"]
[White "Strelnikova, Elena"]
[Black "Beliaeva, Natalia"]
[Result "1/2-1/2"]
[WhiteElo "2153"]
[BlackElo "2097"]
[PlyCount "44"]
[EventDate "2003.11.??"]

1. e4 c5 2. Nc3 d6 3. f4 Nc6 4. Nf3 g6 5. Bb5 Bd7 6. Bxc6 Bxc6 7. d3 Bg7 8. O-O
e6 9. Qe1 Ne7 10. Be3 O-O 11. Qh4 f6 12. g4 b6 13. Rad1 d5 14. d4 c4 15. e5 Qd7
16. Qg3 b5 17. a3 a5 18. Na2 f5 19. g5 Rfb8 20. Bd2 Qa7 21. Bc3 Bd7 22. Kg2 Nc6
1/2-1/2

[Event "13sen.WMD 2003 Seniorinnen"]
[Site "Bad Zwischenahn(17.11.-27.11)"]
[Date "2003.11.24"]
[Round "6.6"]
[White "Komycheva, Margarita"]
[Black "Lein, Marina"]
[Result "1-0"]
[WhiteElo "2208"]
[BlackElo "1970"]
[PlyCount "135"]
[EventDate "2003.11.??"]

1. e4 c5 2. Nf3 Nc6 3. d4 cxd4 4. Nxd4 g6 5. c4 Bg7 6. Be3 Nf6 7. Nc3 Ng4 8.
Qxg4 Nxd4 9. Qd1 Ne6 10. Qd2 d6 11. Be2 Qa5 12. O-O O-O 13. Rab1 Bxc3 14. bxc3
Qc7 15. Rb4 Bd7 16. Rfb1 b6 17. f3 Nc5 18. Bh6 Rfe8 19. g4 Rad8 20. h4 f6 21.
Kg2 e5 22. Be3 Be6 23. Qe1 Qf7 24. Rd1 Na6 25. Ra4 Nc5 26. Ra3 a5 27. Qf1 Rd7
28. Bxc5 dxc5 29. Rxd7 Qxd7 30. Rb3 Rb8 31. Qb1 Qd6 32. Rb2 Kf7 33. Kf2 Qd7 34.
Ke3 Kg7 35. Bd3 Bf7 36. g5 Qd8 37. Qg1 Rb7 38. gxf6+ Qxf6 39. Qg5 Qd6 40. h5 h6
41. Qg4 g5 42. Be2 Rd7 43. Rxb6 Qd2+ 44. Kf2 Bxc4 45. Rb2 Qxb2 46. Qxd7+ Bf7
47. Qd3 Bxa2 48. Kg3 Bf7 49. Bf1 c4 50. Qe3 Qb5 51. Qa7 a4 52. Bh3 Qe8 53. Bf5
a3 54. Qxa3 Bxh5 55. Qc5 Bf7 56. Qd6 h5 57. Bd7 Qd8 58. Qxe5+ Kh6 59. Bf5 h4+
60. Kh3 Bh5 61. Qe6+ Kg7 62. Bg4 Qc7 63. e5 Bxg4+ 64. Kxg4 Qd8 65. Qxc4 Qd2 66.
Qc7+ Kg6 67. Qd6+ Kg7 68. Qxd2 1-0

[Event "13sen.WMD 2003 Seniorinnen"]
[Site "Bad Zwischenahn(17.11.-27.11)"]
[Date "2003.11.24"]
[Round "6.7"]
[White "Kohls, Vera"]
[Black "Hoose, Hannelore"]
[Result "1/2-1/2"]
[WhiteElo "1720"]
[BlackElo "1671"]
[PlyCount "40"]
[EventDate "2003.11.??"]

1. d4 Nf6 2. Nf3 e6 3. Bg5 Be7 4. Nbd2 d5 5. e3 Nbd7 6. Bd3 c5 7. c3 O-O 8. O-O
Qc7 9. e4 dxe4 10. Nxe4 cxd4 11. Nxd4 Qd8 12. Re1 Nxe4 13. Bxe7 Qxe7 14. Rxe4
Qd8 15. Nf3 g6 16. Qd2 Qe7 17. Rae1 Nc5 18. Rh4 Nxd3 19. Qh6 f5 20. Re3 Rd8
1/2-1/2

[Event "13sen.WMD 2003 Seniorinnen"]
[Site "Bad Zwischenahn(17.11.-27.11)"]
[Date "2003.11.24"]
[Round "6.8"]
[White "Abolina, Arija-Solvei"]
[Black "Karner, Irmgard"]
[Result "1/2-1/2"]
[WhiteElo "1793"]
[BlackElo "1640"]
[PlyCount "60"]
[EventDate "2003.11.??"]

1. c4 Nf6 2. Nc3 e6 3. e4 e5 4. g3 d6 5. Bg2 c5 6. h3 Nc6 7. Nge2 Be6 8. d3 Be7
9. O-O O-O 10. f4 Nd4 11. f5 Nxe2+ 12. Qxe2 Bd7 13. g4 h6 14. Rf3 Bc6 15. a3 a5
16. b3 Nh7 17. Kh2 Rb8 18. Bd2 b6 19. Rb1 Bg5 20. b4 axb4 21. axb4 Bxd2 22.
Qxd2 f6 23. Rff1 Qc7 24. b5 Bb7 25. Ra1 Ra8 26. h4 Rxa1 27. Rxa1 Ra8 28. Rxa8+
Bxa8 29. Qa2 Qb8 30. Qa6 Nf8 1/2-1/2

[Event "13sen.WMD 2003 Seniorinnen"]
[Site "Bad Zwischenahn(17.11.-27.11)"]
[Date "2003.11.24"]
[Round "6.9"]
[White "Richter, Hildegard"]
[Black "Korneeva, Tamara"]
[Result "1-0"]
[WhiteElo "1713"]
[BlackElo "1879"]
[PlyCount "101"]
[EventDate "2003.11.??"]

1. d4 Nf6 2. Nf3 d6 3. c4 c6 4. Nc3 e6 5. e4 Qb6 6. Rb1 Be7 7. h3 d5 8. c5 Qc7
9. e5 Nfd7 10. Bd3 b6 11. b4 Ba6 12. O-O Bxd3 13. Qxd3 Nf8 14. a4 Nbd7 15. Be3
f6 16. Bf4 Qd8 17. Bg3 Ng6 18. Rfe1 O-O 19. exf6 Bxf6 20. Rxe6 Rc8 21. Rbe1
bxc5 22. bxc5 Qa5 23. Bd6 Rf7 24. Re8+ Rxe8 25. Rxe8+ Ndf8 26. Rc8 Be7 27. Rxc6
Bxd6 28. Rxd6 Nd7 29. Qb5 Qxc3 30. Rxd7 Rxd7 31. Qxd7 Qc1+ 32. Kh2 Qf4+ 33. Kh1
h6 34. Qxd5+ Kh7 35. Qc4 Ne7 36. Qc2+ Kh8 37. c6 Nd5 38. Qd2 Qxd2 39. Nxd2 Kg8
40. Ne4 Kf7 41. Nc3 Ne7 42. d5 a6 43. f4 Ke8 44. g4 Kd8 45. Kg2 Kc7 46. Kf3 Kd6
47. Ke4 g6 48. Kd4 Nc8 49. Ne4+ Kc7 50. Kc5 Na7 51. d6+ 1-0

[Event "13sen.WMD 2003 Seniorinnen"]
[Site "Bad Zwischenahn(17.11.-27.11)"]
[Date "2003.11.24"]
[Round "6.10"]
[White "Hartlaub, Marianne"]
[Black "Brockmeyer, Helga"]
[Result "1/2-1/2"]
[WhiteElo "1536"]
[BlackElo "1168"]
[PlyCount "62"]
[EventDate "2003.11.??"]

1. Nf3 d5 2. c4 c6 3. b3 Nf6 4. g3 e6 5. Bg2 Be7 6. O-O O-O 7. d3 Bd7 8. Bb2
Qb6 9. Nc3 Bd6 10. Na4 Qd8 11. c5 Be7 12. Rc1 Na6 13. a3 Qc7 14. b4 b5 15. cxb6
axb6 16. Qc2 b5 17. Nc3 Qb6 18. Nd1 Rac8 19. Bd4 c5 20. bxc5 Nxc5 21. Qb2 Qa6
22. Ne5 Na4 23. Qa1 Rxc1 24. Qxc1 Rc8 25. Qa1 Qb7 26. Nxd7 Nxd7 27. Nb2 Nxb2
28. Qxb2 Ra8 29. Rb1 Bxa3 30. Qxb5 Qxb5 31. Rxb5 Rc8 1/2-1/2

[Event "13sen.WMD 2003 Seniorinnen"]
[Site "Bad Zwischenahn(17.11.-27.11)"]
[Date "2003.11.24"]
[Round "6.11"]
[White "Froeling, Philippa"]
[Black "Schoerghuber, Barbara"]
[Result "1/2-1/2"]
[WhiteElo "1316"]
[BlackElo "1457"]
[PlyCount "52"]
[EventDate "2003.11.??"]

1. Nf3 Nc6 2. d4 d5 3. Nbd2 Nf6 4. g3 Bg4 5. Bg2 e6 6. O-O Be7 7. Re1 O-O 8. b3
Bd6 9. Bb2 Ne7 10. e4 dxe4 11. Nxe4 Nxe4 12. Rxe4 Bf5 13. Re2 c6 14. c4 Rc8 15.
Nh4 Bg4 16. Bf3 Bxf3 17. Nxf3 Ng6 18. d5 cxd5 19. cxd5 exd5 20. Qxd5 Rc6 21.
Qd4 f6 22. Qxa7 Rf7 23. Qd4 Qc8 24. Rae1 Qc7 25. Re8+ Rf8 26. Qd5+ Qf7 1/2-1/2

[Event "13sen.WMD 2003 Seniorinnen"]
[Site "Bad Zwischenahn(17.11.-27.11)"]
[Date "2003.11.25"]
[Round "7.1"]
[White "Khmiadashvili, Tamari"]
[Black "Gumilevskaja, Galina"]
[Result "1-0"]
[WhiteElo "2357"]
[BlackElo "2083"]
[PlyCount "119"]
[EventDate "2003.11.??"]

1. d4 d5 2. Nf3 Nf6 3. g3 e6 4. Bg2 c5 5. c3 Nc6 6. O-O Bd6 7. Re1 Ne4 8. Nfd2
f5 9. Nxe4 fxe4 10. Be3 c4 11. b3 b5 12. a4 Na5 13. b4 Nb3 14. Ra2 bxa4 15.
Rxa4 Bd7 16. Ra2 a5 17. bxa5 Rxa5 18. Rxa5 Qxa5 19. Bf4 Bxf4 20. gxf4 O-O 21.
e3 Ra8 22. Qh5 Qa1 23. Rf1 Qb2 24. Bh3 Rf8 25. Qe5 Re8 26. Qd6 Bc8 27. f5 exf5
28. Qxd5+ Be6 29. Qb5 Rf8 30. d5 Bc8 31. Qxc4 Nc1 32. Qb4 Qxb4 33. cxb4 Nd3 34.
b5 g5 35. Rd1 Bd7 36. Nc3 g4 37. Bf1 Ne5 38. Be2 Kf7 39. b6 Rb8 40. Rb1 Ke7 41.
b7 Kd6 42. Ba6 Nf3+ 43. Kg2 h5 44. Rb6+ Kc7 45. Rh6 h4 46. Rf6 Ne1+ 47. Kg1
Nf3+ 48. Kh1 g3 49. fxg3 hxg3 50. hxg3 Rh8+ 51. Kg2 f4 52. d6+ Kc6 53. b8=N+
Kb6 54. Nxd7+ Kxa6 55. Rxf4 Rh2+ 56. Kf1 Rh1+ 57. Ke2 Rh2+ 58. Kd1 Rd2+ 59. Kc1
Rxd6 60. Nc5+ 1-0

[Event "13sen.WMD 2003 Seniorinnen"]
[Site "Bad Zwischenahn(17.11.-27.11)"]
[Date "2003.11.25"]
[Round "7.3"]
[White "Erenska-Barlo, Hanna"]
[Black "Macek, Vlasta"]
[Result "1-0"]
[WhiteElo "2247"]
[BlackElo "2211"]
[PlyCount "63"]
[EventDate "2003.11.??"]

1. e4 e6 2. Qe2 c5 3. g3 Nf6 4. Bg2 d5 5. e5 Nfd7 6. d3 Nc6 7. f4 Be7 8. Nf3 b5
9. O-O Nb6 10. c3 Qc7 11. b3 c4 12. Be3 cxd3 13. Qxd3 a6 14. Nbd2 O-O 15. Rac1
Rd8 16. Nd4 Nxd4 17. Bxd4 Rb8 18. g4 Nd7 19. b4 Nf8 20. f5 Bg5 21. Rce1 Re8 22.
Nb3 Qd8 23. Re2 Bd7 24. Nc5 Qc8 25. Qg3 Be7 26. f6 gxf6 27. exf6 Bxc5 28. Bxc5
Ng6 29. Qe3 Kh8 30. Qh6 Rg8 31. Re3 e5 32. Rh3 1-0

[Event "13sen.WMD 2003 Seniorinnen"]
[Site "Bad Zwischenahn(17.11.-27.11)"]
[Date "2003.11.25"]
[Round "7.4"]
[White "Beliaeva, Natalia"]
[Black "Komycheva, Margarita"]
[Result "0-1"]
[WhiteElo "2097"]
[BlackElo "2208"]
[PlyCount "120"]
[EventDate "2003.11.??"]

1. d4 d5 2. c4 e6 3. Nf3 Nf6 4. Bg5 Nbd7 5. cxd5 exd5 6. e3 Be7 7. Bd3 Ne4 8.
Bxe7 Qxe7 9. O-O O-O 10. Nc3 c6 11. Qc2 Ndf6 12. a3 Nd6 13. b4 Nfe4 14. Na4 Bd7
15. Nc5 Be8 16. Rab1 f6 17. Nd2 Nxd2 18. Qxd2 f5 19. f4 Kh8 20. Rf3 Ne4 21.
Bxe4 dxe4 22. Rg3 Rd8 23. Qc3 Rf6 24. Nb3 b6 25. Rc1 Bf7 26. Nd2 c5 27. bxc5
Rc8 28. Qb2 bxc5 29. dxc5 Rxc5 30. Rxc5 Qxc5 31. h4 h6 32. Kf2 Kh7 33. Nf1 Qc4
34. Nd2 Qd3 35. Kg1 a6 36. Kf2 Bd5 37. Qd4 Qb5 38. Qe5 Qc6 39. Qb2 Qb7 40. Qe5
Bf7 41. Qd4 Qd5 42. Qb2 a5 43. Qc3 a4 44. Qb2 Qa2 45. Qc3 Bb3 46. h5 Bf7 47.
Rh3 Rd6 48. Ke1 Rd3 49. Qa5 Qd5 50. Qb4 Qd6 51. Qa5 Rd5 52. Qc3 Qc5 53. Qb2 Rd3
54. Ke2 Qc3 55. Qxc3 Rxc3 56. Rh1 Rxa3 57. g4 fxg4 58. Rh4 Ra2 59. Ke1 a3 60.
Nxe4 Rc2 0-1

[Event "13sen.WMD 2003 Seniorinnen"]
[Site "Bad Zwischenahn(17.11.-27.11)"]
[Date "2003.11.25"]
[Round "7.5"]
[White "Strelnikova, Elena"]
[Black "Kohls, Vera"]
[Result "1-0"]
[WhiteElo "2153"]
[BlackElo "1720"]
[PlyCount "69"]
[EventDate "2003.11.??"]

1. e4 e6 2. d4 d5 3. e5 c5 4. c3 Nc6 5. Nf3 Qb6 6. a3 c4 7. Nbd2 f6 8. exf6
Nxf6 9. b4 Bd6 10. Qe2 O-O 11. Ne5 Bxe5 12. dxe5 Nd7 13. Nf3 Qc7 14. g3 Ndxe5
15. Nxe5 Qxe5 16. Qxe5 Nxe5 17. f4 Nf7 18. Bg2 Nd6 19. O-O Bd7 20. Re1 a5 21.
Be3 Nb5 22. Bc5 Rfc8 23. f5 Ra6 24. fxe6 Be8 25. Bxd5 Nxc3 26. Bxb7 Rxc5 27.
bxc5 Ra7 28. c6 Nb5 29. Rad1 Kf8 30. Rd7 c3 31. Rf1+ Kg8 32. e7 h6 33. Rf8+ Kh7
34. Rxe8 c2 35. Rh8+ 1-0

[Event "13sen.WMD 2003 Seniorinnen"]
[Site "Bad Zwischenahn(17.11.-27.11)"]
[Date "2003.11.25"]
[Round "7.6"]
[White "Fatalibekova, Elena"]
[Black "Richter, Hildegard"]
[Result "1-0"]
[WhiteElo "2291"]
[BlackElo "1713"]
[PlyCount "77"]
[EventDate "2003.11.??"]

1. e4 c5 2. Nf3 d6 3. g3 Nf6 4. Nc3 Nc6 5. Bg2 a6 6. a4 e6 7. d4 cxd4 8. Nxd4
Nxd4 9. Qxd4 Be7 10. O-O h6 11. a5 Rb8 12. Be3 O-O 13. h3 Bd7 14. Rfd1 Qc8 15.
Qd2 Bc6 16. Ba7 Ra8 17. Bd4 Rd8 18. Bb6 Rd7 19. Qe2 Bd8 20. Bd4 e5 21. Be3 Bc7
22. Nd5 Bxd5 23. exd5 Re7 24. c4 Qd8 25. b4 Nd7 26. Qd3 Qf8 27. c5 f5 28. c6
bxc6 29. dxc6 Nb8 30. Bb6 e4 31. Qd5+ Qf7 32. Rac1 Kf8 33. Bxc7 Rxc7 34. Qxd6+
Qe7 35. g4 Qxd6 36. Rxd6 Ke7 37. Rg6 fxg4 38. Rxg7+ Kd8 39. Rd1+ 1-0

[Event "13sen.WMD 2003 Seniorinnen"]
[Site "Bad Zwischenahn(17.11.-27.11)"]
[Date "2003.11.25"]
[Round "7.7"]
[White "Hoose, Hannelore"]
[Black "Saunina, Ludmilla"]
[Result "0-1"]
[WhiteElo "1671"]
[BlackElo "2278"]
[PlyCount "100"]
[EventDate "2003.11.??"]

1. e4 c5 2. Nc3 Nc6 3. g3 g6 4. Bg2 Bg7 5. Nge2 e6 6. b3 Nge7 7. Bb2 O-O 8. Na4
Bxb2 9. Nxb2 d5 10. exd5 exd5 11. O-O d4 12. Nf4 b6 13. Re1 Bb7 14. Nc4 Qc7 15.
Re2 Rad8 16. Nd3 Nd5 17. a3 Ba6 18. Ncb2 Qd6 19. Qf1 b5 20. Bxd5 Qxd5 21. Qg2
Qd6 22. b4 c4 23. Nc5 Bc8 24. Rae1 Kg7 25. Ne4 Qd5 26. Nc5 Bg4 27. Qxd5 Rxd5
28. Re8 Bf5 29. Rxf8 Kxf8 30. d3 c3 31. Nd1 Ne5 32. Kg2 Bg4 33. f4 Nf3 34. Rh1
Nd2 35. Re1 Rh5 36. h4 Rd5 37. Nf2 Bf3+ 38. Kg1 Rd8 39. Nd1 Bc6 40. Kf2 Nb1 41.
Re5 Nxa3 42. Re2 Re8 43. Ne4 f5 44. Nexc3 dxc3 45. Nxc3 Rxe2+ 46. Kxe2 Nxc2 47.
Na2 Ke7 48. Kd2 Nd4 49. Nc1 Kd6 50. Ke3 Nc2+ 0-1

[Event "13sen.WMD 2003 Seniorinnen"]
[Site "Bad Zwischenahn(17.11.-27.11)"]
[Date "2003.11.25"]
[Round "7.8"]
[White "Karner, Irmgard"]
[Black "Lein, Marina"]
[Result "0-1"]
[WhiteElo "1640"]
[BlackElo "1970"]
[PlyCount "88"]
[EventDate "2003.11.??"]

1. c4 Nf6 2. d4 g6 3. Nc3 d5 4. e3 Bg7 5. Nf3 O-O 6. Be2 c6 7. O-O dxc4 8. Bxc4
Bg4 9. Be2 Nbd7 10. h3 Bxf3 11. Bxf3 e5 12. d5 cxd5 13. Nxd5 e4 14. Be2 Nb6 15.
Nc3 Qe7 16. Qb3 Rfd8 17. Rd1 Rxd1+ 18. Qxd1 Rd8 19. Qc2 Nbd5 20. Nb5 a6 21. Nd4
Nb4 22. Qb3 Nfd5 23. a3 Bxd4 24. axb4 Bg7 25. Bd2 Nf4 26. exf4 Rxd2 27. Qe3
Rxb2 28. Rc1 Bf6 29. b5 axb5 30. g4 Rb4 31. Qa7 Bg7 32. Qb8+ Bf8 33. Rc8 e3 34.
Re8 exf2+ 35. Kxf2 Qc5+ 36. Kg2 Rb1 37. Kf3 Rb3+ 38. Kg2 Kg7 39. Qxb7 Rb1 40.
Qe4 Qg1+ 41. Kf3 Rb3+ 42. Bd3 Qf1+ 43. Ke3 Qxh3+ 44. Kd4 Rb4+ 0-1

[Event "13sen.WMD 2003 Seniorinnen"]
[Site "Bad Zwischenahn(17.11.-27.11)"]
[Date "2003.11.25"]
[Round "7.9"]
[White "Schoerghuber, Barbara"]
[Black "Abolina, Arija-Solvei"]
[Result "0-1"]
[WhiteElo "1457"]
[BlackElo "1793"]
[PlyCount "138"]
[EventDate "2003.11.??"]

1. d4 Nf6 2. e3 e6 3. Bd3 b6 4. Nd2 Bb7 5. e4 c5 6. c3 d6 7. Qe2 Nbd7 8. Ngf3
Be7 9. h3 cxd4 10. cxd4 O-O 11. O-O Qc8 12. e5 dxe5 13. Nxe5 g6 14. Ndf3 Rd8
15. Bh6 Bf8 16. Bg5 Bg7 17. Rac1 Qb8 18. Rc2 Qd6 19. Bf4 Bxf3 20. gxf3 Qxd4 21.
Rc4 Qd5 22. Nc6 Re8 23. Rd1 Qh5 24. Kg2 Nd5 25. Bd6 Nc5 26. Bg3 Nxd3 27. Rxd3
Qg5 28. Rg4 Qf5 29. Nd4 Bxd4 30. Rgxd4 Qf6 31. Re4 Rec8 32. Be5 Qe7 33. Bg3 Qf8
34. Rd2 Rc6 35. Red4 Rac8 36. Qe4 b5 37. h4 Rc4 38. Qg4 Rxd4 39. Qxd4 Qc5 40.
Qd3 Qc4 41. Qxc4 Rxc4 42. Kf1 Kf8 43. Ke1 Ke7 44. Kd1 f6 45. b3 Rc3 46. Ke2 a5
47. Bb8 a4 48. bxa4 bxa4 49. Rd3 Rc2+ 50. Rd2 Nc3+ 51. Kd3 Rxd2+ 52. Kxd2 Nxa2
53. Ba7 Kd6 54. Bd4 e5 55. Bb2 Kd5 56. Ke3 Nb4 57. Kd2 Kc4 58. f4 Nd3 59. fxe5
Nxe5 60. Ke2 Kb3 61. Bd4 a3 62. f4 Nc4 63. Kd1 Nb2+ 64. Kc1 Nd3+ 65. Kd2 Nxf4
66. Bxf6 a2 67. Ba1 Nd5 68. Bh8 h6 69. Be5 g5 0-1

[Event "13sen.WMD 2003 Seniorinnen"]
[Site "Bad Zwischenahn(17.11.-27.11)"]
[Date "2003.11.25"]
[Round "7.10"]
[White "Korneeva, Tamara"]
[Black "Brockmeyer, Helga"]
[Result "1-0"]
[WhiteElo "1879"]
[BlackElo "1168"]
[PlyCount "127"]
[EventDate "2003.11.??"]

1. d4 d5 2. Nf3 Nf6 3. Nbd2 Be6 4. g3 Nbd7 5. Bg2 g6 6. e3 Bg7 7. b4 O-O 8. Nb3
b6 9. Bb2 c6 10. Rc1 Qc7 11. Nbd2 h6 12. c4 Qb7 13. a3 Qa6 14. Bf1 Qb7 15. Be2
Bh3 16. Bf1 Bxf1 17. Kxf1 Qa6 18. Kg2 e6 19. Qb3 Qb7 20. cxd5 cxd5 21. h3 b5
22. Qd3 a6 23. Ne5 Kh7 24. Ng4 Rac8 25. Rxc8 Rxc8 26. Nf3 Ne4 27. Nge5 f5 28.
Nxd7 Qxd7 29. Ne5 Bxe5 30. dxe5 h5 31. h4 Qg7 32. f3 Nxg3 33. Kxg3 g5 34. hxg5
Qxg5+ 35. Kf2 Rg8 36. Qf1 Qg3+ 37. Ke2 Qg2+ 38. Ke1 Kh6 39. Qxg2 Rxg2 40. Bc1
Kg5 41. Kf1 Rc2 42. Rg1+ Kh4 43. Rg6 Rxc1+ 44. Ke2 Rc6 45. Kd3 Kh3 46. e4 fxe4+
47. fxe4 dxe4+ 48. Kxe4 h4 49. Kd3 Kh2 50. Ke2 Rc2+ 51. Kd3 Rg2 52. Rxe6 Rg3+
53. Ke4 Rxa3 54. Rh6 h3 55. e6 Ra1 56. Kd5 Re1 57. Kd6 Re2 58. e7 Kg2 59. Kd7
h2 60. e8=Q Rxe8 61. Kxe8 h1=Q 62. Rxh1 Kxh1 63. Kd7 Kg2 64. Kc6 1-0

[Event "13sen.WMD 2003 Seniorinnen"]
[Site "Bad Zwischenahn(17.11.-27.11)"]
[Date "2003.11.25"]
[Round "7.11"]
[White "Froeling, Philippa"]
[Black "Hartlaub, Marianne"]
[Result "1-0"]
[WhiteElo "1316"]
[BlackElo "1536"]
[PlyCount "104"]
[EventDate "2003.11.??"]

1. d4 d6 2. Nf3 Nf6 3. Nbd2 Bf5 4. g3 Nbd7 5. Bg2 c6 6. c4 e5 7. Nh4 Bg6 8.
Nxg6 hxg6 9. d5 cxd5 10. cxd5 Qa5 11. e4 Rc8 12. O-O Nh7 13. b3 f5 14. exf5
gxf5 15. Qh5+ Ke7 16. Qxf5 Re8 17. Nc4 Qa6 18. Bh3 Nhf6 19. Ba3 Kd8 20. Bc1 b5
21. Ne3 Qb7 22. Rd1 Be7 23. Bg2 Rh5 24. Qc2 Reh8 25. h4 Nb6 26. Bf3 R5h7 27.
Qc6 Qd7 28. Bb2 g6 29. Rac1 Bf8 30. Rd2 Bh6 31. Rdc2 Ne8 32. Qxd7+ Rxd7 33. Bg4
Bxe3 34. fxe3 Rf7 35. e4 Rhh7 36. Ba3 Rhg7 37. Kg2 a5 38. Rc6 Rc7 39. Rxc7 Rxc7
40. Rxc7 Kxc7 41. b4 axb4 42. Bxb4 Nd7 43. Be6 Nb6 44. Kf3 Nd7 45. g4 Nf8 46.
Ba5+ Kb7 47. Bf7 Nc7 48. g5 Nd7 49. Bb4 Nb6 50. h5 gxh5 51. Bxh5 Nd7 52. Kg4
Nc5 1-0

[Event "13sen.WMD 2003 Seniorinnen"]
[Site "Bad Zwischenahn(17.11.-27.11)"]
[Date "2003.11.26"]
[Round "8.1"]
[White "Komycheva, Margarita"]
[Black "Khmiadashvili, Tamari"]
[Result "1/2-1/2"]
[WhiteElo "2208"]
[BlackElo "2357"]
[PlyCount "119"]
[EventDate "2003.11.??"]

1. e4 c6 2. d4 g6 3. Nc3 Bg7 4. Nf3 d5 5. h3 dxe4 6. Nxe4 Nf6 7. Nxf6+ exf6 8.
Bd3 O-O 9. O-O Qd6 10. Be3 Rd8 11. Qd2 Be6 12. c4 c5 13. d5 Bc8 14. Bf4 Qb6 15.
Rfe1 Bf8 16. Re2 Bd7 17. Rae1 Na6 18. Bh6 Bd6 19. Qc3 Re8 20. Kf1 Bf8 21. Bxf8
Rxe2 22. Rxe2 Rxf8 23. Re7 Qd6 24. Qe1 Nc7 25. Qe3 b6 26. Qe2 Kg7 27. b3 Re8
28. Rxe8 Nxe8 29. Qe3 Qf8 30. Nd2 Nd6 31. g4 Qe8 32. Qxe8 Nxe8 33. f3 h5 34.
Kf2 hxg4 35. hxg4 Kf8 36. Kg3 Ke7 37. f4 g5 38. Ne4 Nd6 39. Nxd6 Kxd6 40. Bf5
Be8 41. Kf3 b5 42. Bc2 Kc7 43. Ke4 Bd7 44. Bd1 Kd6 45. Be2 bxc4 46. bxc4 Ke7
47. Bd1 a5 48. Kf3 Kd6 49. Bc2 Be8 50. Ke3 Bd7 51. Bf5 Ba4 52. fxg5 fxg5 53.
Kd2 Ke5 54. Kc3 Bd1 55. Kd3 Ba4 56. Bc8 f6 57. Kd2 Kd6 58. Bf5 Ke5 59. Ke2 Be8
60. Ke3 1/2-1/2

[Event "13sen.WMD 2003 Seniorinnen"]
[Site "Bad Zwischenahn(17.11.-27.11)"]
[Date "2003.11.26"]
[Round "8.2"]
[White "Litinskaya, Marta_I"]
[Black "Strelnikova, Elena"]
[Result "1-0"]
[WhiteElo "2410"]
[BlackElo "2153"]
[PlyCount "77"]
[EventDate "2003.11.??"]

1. d4 f5 2. c4 Nf6 3. Nc3 g6 4. g3 Bg7 5. Bg2 d6 6. Nf3 c6 7. O-O O-O 8. d5 c5
9. e4 fxe4 10. Ng5 h6 11. Ngxe4 Nbd7 12. Qe2 Ne5 13. Nxc5 Qc7 14. Ne6 Bxe6 15.
dxe6 Qxc4 16. Qxc4 Nxc4 17. b3 Na5 18. Bd2 Nc6 19. Rac1 Rab8 20. h3 a6 21. Be3
Nb4 22. Rfd1 Nc6 23. Na4 Nd8 24. Rc7 Re8 25. Nb6 Nxe6 26. Rxb7 Rxb7 27. Bxb7
Rb8 28. Bxa6 Nc5 29. Bc4+ Kf8 30. Nd5 Nfe4 31. Nc7 g5 32. Kg2 Bf6 33. f3 Nc3
34. Rd2 Rc8 35. Ne6+ Nxe6 36. Bxe6 Ra8 37. Bc4 Ra5 38. a4 d5 39. Bb6 1-0